The naked manager : (Record no. 19878)
[ view plain ]
| 000 -LEADER | |
|---|---|
| fixed length control field | 00573nam a22001697a 4500 |
| 008 - FIXED-LENGTH DATA ELEMENTS--GENERAL INFORMATION | |
| fixed length control field | 240326b ||||| |||| 00| 0 eng d |
| 020 ## - INTERNATIONAL STANDARD BOOK NUMBER | |
| International Standard Book Number | 0070283109 |
| 082 ## - DEWEY DECIMAL CLASSIFICATION NUMBER | |
| Classification number | DC 658.409 |
| Item number | H36 1986 |
| 100 ## - MAIN ENTRY--PERSONAL NAME | |
| Personal name | Heller, Robert. |
| 9 (RLIN) | 55471 |
| 245 ## - TITLE STATEMENT | |
| Title | The naked manager : |
| Remainder of title | games executives play / |
| Statement of responsibility, etc. | Robert Heller. |
| 260 ## - PUBLICATION, DISTRIBUTION, ETC. (IMPRINT) | |
| Place of publication, distribution, etc. | New York : |
| Name of publisher, distributor, etc. | McGraw-Hill, |
| Date of publication, distribution, etc. | ©1986. |
| 300 ## - PHYSICAL DESCRIPTION | |
| Extent | xi, 397 pages : |
| Other physical details | illustrations ; |
| Dimensions | 20 cm. |
| 500 ## - GENERAL NOTE | |
| General note | Includes index. |
| 650 ## - SUBJECT ADDED ENTRY--TOPICAL TERM | |
| Topical term or geographic name as entry element | Industrial management |
| Chronological subdivision | Great Britain. |
| 9 (RLIN) | 55675 |
| 650 ## - SUBJECT ADDED ENTRY--TOPICAL TERM | |
| Topical term or geographic name as entry element | Industrial management |
| Geographic subdivision | United States. |
| 9 (RLIN) | 55676 |
| 942 ## - ADDED ENTRY ELEMENTS (KOHA) | |
| Source of classification or shelving scheme | Dewey Decimal Classification |
| Koha item type | Circulation |
| Withdrawn status | Lost status | Source of classification or shelving scheme | Damaged status | Not for loan | Collection code | Home library | Current library | Date acquired | Total Checkouts | Full call number | Barcode | Date last seen | Price effective from | Koha item type |
|---|---|---|---|---|---|---|---|---|---|---|---|---|---|---|
| Dewey Decimal Classification | Circulation | UM Digos College - LIC | UM Digos College - LIC | 03/26/2024 | DC 658.409 H36 1986 | 9774 | 05/15/2025 | 03/26/2024 | Circulation |
